[Event "North Bay int"]
[Site "North Bay CAN"]
[Date "1998.08.05"]
[Round "1"]
[White "Goldenberg, Danny"]
[Black "Urquhart, Eddie"]
[Result "0-1"]
[WhiteElo "2325"]
[BlackElo "2207"]
[PlyCount "76"]
[GameId "2160767911806540"]
[EventDate "1998.08.05"]
[EventType "swiss"]
[EventRounds "9"]
[EventCountry "CAN"]
[SourceTitle "EXT 99"]
[Source "ChessBase"]
[SourceDate "1998.11.10"]
[SourceVersion "1"]
[SourceVersionDate "1998.11.10"]
[SourceQuality "1"]

1. e4 c6 2. d4 d5 3. Nc3 dxe4 4. Nxe4 Nf6 5. Nxf6+ gxf6 6. Bc4 Bf5 7. Ne2 Nd7 8. Ng3 Bg6 9. h4 h5 10. O-O Qc7 11. Qe2 O-O-O 12. a4 e5 13. Be3 e4 14. f4 f5 15. a5 Be7 16. Rfb1 Bxh4 17. Nf1 Bf6 18. b4 Qd6 19. c3 h4 20. b5 Bh5 21. Qa2 c5 22. b6 a6 23. Qa3 Be7 24. Qa2 h3 25. g3 Bf3 26. Kh2 Nf6 27. Bxa6 Ng4+ 28. Kg1 h2+ 29. Nxh2 Rxh2 30. Bxb7+ Kb8 31. Qxh2 Nxh2 32. a6 Ng4 33. Bc8 Kxc8 34. b7+ Kd7 35. Kf1 Nxe3+ 36. Kf2 Ng4+ 37. Ke1 Qh6 38. a7 Qh2 0-1

[Event "North Bay int"]
[Site "North Bay CAN"]
[Date "1998.08.05"]
[Round "1"]
[White "Kosic, Dragan"]
[Black "Hummel, Patrick"]
[Result "1-0"]
[WhiteElo "2505"]
[BlackElo "2240"]
[PlyCount "61"]
[GameId "2160767911806543"]
[EventDate "1998.08.05"]
[EventType "swiss"]
[EventRounds "9"]
[EventCountry "CAN"]
[SourceTitle "EXT 99"]
[Source "ChessBase"]
[SourceDate "1998.11.10"]
[SourceVersion "1"]
[SourceVersionDate "1998.11.10"]
[SourceQuality "1"]

1. Nf3 c5 2. g3 Nc6 3. Bg2 g6 4. c3 e5 5. d3 Bg7 6. O-O Nge7 7. a3 O-O 8. Qa4 Rb8 9. Qh4 f6 10. Qc4+ d5 11. Qxc5 b6 12. Qb5 Na5 13. Qa4 Be6 14. Nbd2 b5 15. Qc2 Qc7 16. b4 Nb7 17. Bb2 Nd6 18. Nb3 Kh8 19. Nc5 Bc8 20. a4 a5 21. Rfc1 Bh6 22. Rcb1 Nc6 23. bxa5 b4 24. Nb3 bxc3 25. Qxc3 d4 26. Qc2 Be6 27. Nbxd4 exd4 28. Nxd4 Bd7 29. Nxc6 Rbc8 30. Bc1 Bg7 31. Rb6 1-0

[Event "North Bay int"]
[Site "North Bay CAN"]
[Date "1998.08.05"]
[Round "1"]
[White "Kudrin, Sergey"]
[Black "Saleh, Maher"]
[Result "1-0"]
[WhiteElo "2540"]
[BlackElo "2220"]
[PlyCount "55"]
[GameId "2160767911806544"]
[EventDate "1998.08.05"]
[EventType "swiss"]
[EventRounds "9"]
[EventCountry "CAN"]
[SourceTitle "EXT 99"]
[Source "ChessBase"]
[SourceDate "1998.11.10"]
[SourceVersion "1"]
[SourceVersionDate "1998.11.10"]
[SourceQuality "1"]

1. e4 Nf6 2. e5 Nd5 3. d4 d6 4. Nf3 g6 5. Bc4 Nb6 6. Bb3 Bg7 7. a4 a5 8. O-O O-O 9. h3 dxe5 10. Nxe5 c5 11. Be3 cxd4 12. Bxd4 Nc6 13. Nxc6 bxc6 14. Bxg7 Kxg7 15. Qf3 Qc7 16. Qc3+ f6 17. Qc5 Bf5 18. Nc3 Rfd8 19. Rad1 Kf8 20. Nb5 Qb7 21. Nd4 Bd7 22. Rfe1 Re8 23. Ne6+ Bxe6 24. Rxe6 Nd7 25. Qe3 g5 26. Qd3 Ne5 27. Qxh7 Nf7 28. Rxc6 1-0

[Event "North Bay int"]
[Site "North Bay CAN"]
[Date "1998.08.05"]
[Round "1"]
[White "Levtchouk, George"]
[Black "Divljan, Igor"]
[Result "1-0"]
[WhiteElo "2330"]
[BlackElo "2181"]
[PlyCount "63"]
[GameId "2160767911806545"]
[EventDate "1998.08.05"]
[EventType "swiss"]
[EventRounds "9"]
[EventCountry "CAN"]
[SourceTitle "EXT 99"]
[Source "ChessBase"]
[SourceDate "1998.11.10"]
[SourceVersion "1"]
[SourceVersionDate "1998.11.10"]
[SourceQuality "1"]

1. d4 Nf6 2. c4 e6 3. Nc3 Bb4 4. f3 c5 5. d5 exd5 6. cxd5 d6 7. e4 O-O 8. Nge2 Nbd7 9. a3 Bxc3+ 10. Nxc3 a6 11. a4 Re8 12. Be2 Qc7 13. O-O b6 14. Bg5 Bb7 15. b3 h6 16. Bh4 Rac8 17. Bc4 g5 18. Bg3 Nh5 19. f4 Nxg3 20. hxg3 f6 21. e5 Kg7 22. e6 Nf8 23. Qd3 Qe7 24. Qf5 Nh7 25. Bd3 Kh8 26. Qxh7+ Qxh7 27. Bxh7 Kxh7 28. fxg5 hxg5 29. Rxf6 Re7 30. Raf1 Rcc7 31. R1f5 Rg7 32. Ne4 1-0

[Event "North Bay int"]
[Site "North Bay CAN"]
[Date "1998.08.05"]
[Round "1"]
[White "Morrell, Gordon"]
[Black "Milicevic, Goran"]
[Result "0-1"]
[WhiteElo "2130"]
[BlackElo "2370"]
[PlyCount "68"]
[GameId "2160767911806546"]
[EventDate "1998.08.05"]
[EventType "swiss"]
[EventRounds "9"]
[EventCountry "CAN"]
[SourceTitle "EXT 1999"]
[Source "ChessBase"]
[SourceDate "1998.11.10"]
[SourceVersion "1"]
[SourceVersionDate "1998.11.10"]
[SourceQuality "1"]

1. d4 d5 2. c4 c6 3. Nf3 Nf6 4. Nc3 a6 5. Qb3 e6 6. Bg5 Nbd7 7. e3 b5 8. cxd5 cxd5 9. Ne5 Qb6 10. Nxd7 Bxd7 11. Bd3 Qa5 12. Qd1 b4 13. Ne2 Ne4 14. Bxe4 dxe4 15. Bf4 Be7 16. O-O O-O 17. Qc2 Qd5 18. Rfc1 Rfc8 19. Qd2 h6 20. h3 Bb5 21. Rxc8+ Rxc8 22. Rc1 Rxc1+ 23. Nxc1 Qc4 24. Nb3 Qf1+ 25. Kh2 Qb1 26. Nc1 a5 27. Bc7 a4 28. Bb8 Bc4 29. Ba7 Bd6+ 30. g3 Bxa2 31. Bc5 Bxc5 32. dxc5 Bd5 33. Qxb4 Qxc1 34. Qxa4 Qxb2 0-1

[Event "North Bay int"]
[Site "North Bay CAN"]
[Date "1998.08.05"]
[Round "1"]
[White "Nogueiras, Jesus"]
[Black "Larochelle, Martial"]
[Result "1-0"]
[WhiteElo "2510"]
[BlackElo "2282"]
[PlyCount "91"]
[GameId "2160767911806547"]
[EventDate "1998.08.05"]
[EventType "swiss"]
[EventRounds "9"]
[EventCountry "CAN"]
[SourceTitle "EXT 99"]
[Source "ChessBase"]
[SourceDate "1998.11.10"]
[SourceVersion "1"]
[SourceVersionDate "1998.11.10"]
[SourceQuality "1"]

1. Nf3 d6 2. d4 Bg4 3. c4 Nd7 4. g3 Bxf3 5. exf3 e5 6. Bg2 c6 7. O-O Ngf6 8. Nc3 Be7 9. f4 exd4 10. Qxd4 O-O 11. b3 Re8 12. Bb2 Bf8 13. Rad1 Qb6 14. Qd2 Nc5 15. Qc2 Nfd7 16. Ne4 Nxe4 17. Bxe4 h6 18. Bh7+ Kh8 19. Bf5 Nc5 20. Qc3 Rad8 21. Qf3 Kg8 22. Bb1 a5 23. Bc3 Rd7 24. Qg4 Rde7 25. Bd4 Qb4 26. f5 Re1 27. f6 Rxd1 28. Qxd1 Ne6 29. Be3 Qc3 30. fxg7 Qxg7 31. Qd2 Qe5 32. f4 Qh5 33. Qd3 f5 34. Bf2 Nc5 35. Qxf5 Qxf5 36. Bxf5 Re2 37. Bxc5 dxc5 38. Rf2 Rxf2 39. Kxf2 b5 40. a4 bxa4 41. bxa4 Bg7 42. g4 Kf7 43. h4 Bd4+ 44. Kg3 Bc3 45. g5 Kg7 46. Be4 1-0

[Event "North Bay int"]
[Site "North Bay CAN"]
[Date "1998.08.05"]
[Round "1"]
[White "Remedios, Russell"]
[Black "Feldman, Steven"]
[Result "0-1"]
[WhiteElo "2171"]
[BlackElo "2325"]
[PlyCount "63"]
[GameId "2160767911806550"]
[EventDate "1998.08.05"]
[EventType "swiss"]
[EventRounds "9"]
[EventCountry "CAN"]
[SourceTitle "EXT 99"]
[Source "ChessBase"]
[SourceDate "1998.11.10"]
[SourceVersion "1"]
[SourceVersionDate "1998.11.10"]
[SourceQuality "1"]

1. d4 d5 2. c4 Nc6 3. Nf3 Bg4 4. e3 e6 5. Nc3 Bb4 6. Bd2 Nge7 7. Be2 Bxf3 8. Bxf3 dxc4 9. Qe2 Bxc3 10. Bxc3 b5 11. b3 Nd5 12. bxc4 bxc4 13. Qxc4 Nce7 14. O-O O-O 15. Rfc1 Qd6 16. Rab1 Rab8 17. g3 Rfc8 18. Bd2 Rxb1 19. Rxb1 c5 20. Bxd5 Nxd5 21. dxc5 Rxc5 22. Qd4 Qc7 23. e4 Nb6 24. Be3 Rc4 25. Qd3 h6 26. Bxb6 axb6 27. Qe3 Qe5 28. Rxb6 Rxe4 29. Rb8+ Kh7 30. Qd3 f5 31. Ra8 Rd4 32. Qe3 0-1

[Event "North Bay int"]
[Site "North Bay CAN"]
[Date "1998.08.05"]
[Round "1"]
[White "Southam, David"]
[Black "Whitehead, Jay"]
[Result "0-1"]
[WhiteElo "2155"]
[BlackElo "2410"]
[PlyCount "60"]
[GameId "2160767911806551"]
[EventDate "1998.08.05"]
[EventType "swiss"]
[EventRounds "9"]
[EventCountry "CAN"]
[SourceTitle "EXT 1999"]
[Source "ChessBase"]
[SourceDate "1998.11.10"]
[SourceVersion "1"]
[SourceVersionDate "1998.11.10"]
[SourceQuality "1"]

1. d4 Nf6 2. c4 d6 3. Nf3 Bf5 4. Nc3 g6 5. Nh4 Bd7 6. e4 e5 7. Nf3 Bg7 8. Be2 O-O 9. O-O Qe8 10. dxe5 dxe5 11. Be3 Na6 12. Nd2 Qe7 13. Nd5 Nxd5 14. cxd5 c6 15. Rc1 cxd5 16. Bxa6 d4 17. Bxb7 Rab8 18. Bd5 dxe3 19. Nc4 exf2+ 20. Rxf2 Bh6 21. Rc3 Kg7 22. Bxf7 Rxf7 23. Rxf7+ Kxf7 24. Nxe5+ Qxe5 25. Qxd7+ Kg8 26. Rc7 Bg7 27. Rc8+ Rxc8 28. Qxc8+ Bf8 29. Qc4+ Kg7 30. g3 Qc5+ 0-1

[Event "North Bay int"]
[Site "North Bay CAN"]
[Date "1998.08.05"]
[Round "1"]
[White "Wenaas, Eric"]
[Black "Johnstone, Glenn"]
[Result "1/2-1/2"]
[WhiteElo "2080"]
[BlackElo "2265"]
[PlyCount "86"]
[GameId "2160767911806552"]
[EventDate "1998.08.05"]
[EventType "swiss"]
[EventRounds "9"]
[EventCountry "CAN"]
[SourceTitle "EXT 99"]
[Source "ChessBase"]
[SourceDate "1998.11.10"]
[SourceVersion "1"]
[SourceVersionDate "1998.11.10"]
[SourceQuality "1"]

1. Nf3 c5 2. c4 Nf6 3. g3 b6 4. Bg2 Bb7 5. O-O e6 6. Nc3 a6 7. b3 Be7 8. d4 cxd4 9. Qxd4 d6 10. Rd1 O-O 11. Ba3 Ne8 12. e4 Qc7 13. Qe3 Nd7 14. Nd4 Nef6 15. h3 Rfe8 16. f4 Bf8 17. Rac1 Rad8 18. g4 h6 19. Re1 Qb8 20. f5 Ne5 21. Rcd1 d5 22. Bxf8 Kxf8 23. fxe6 fxe6 24. g5 hxg5 25. Qxg5 dxc4 26. bxc4 Nf7 27. Qe3 Qe5 28. Nf3 Qc5 29. Qxc5+ bxc5 30. Rb1 Ba8 31. e5 Rd3 32. exf6 Rxc3 33. fxg7+ Kxg7 34. Rb3 Rxc4 35. Ne5 Nxe5 36. Bxa8 Rxa8 37. Rxe5 Kf6 38. Re2 Rg8+ 39. Kf1 Rg5 40. Rbe3 e5 41. Ra3 e4 42. Rxa6+ Ke5 43. Ra8 Rg3 1/2-1/2

[Event "North Bay int"]
[Site "North Bay CAN"]
[Date "1998.08.05"]
[Round "2"]
[White "Cossette, Daniel"]
[Black "Zaderman, Yuri"]
[Result "0-1"]
[WhiteElo "2204"]
[BlackElo "2265"]
[PlyCount "102"]
[GameId "2160767911806556"]
[EventDate "1998.08.05"]
[EventType "swiss"]
[EventRounds "9"]
[EventCountry "CAN"]
[SourceTitle "EXT 99"]
[Source "ChessBase"]
[SourceDate "1998.11.10"]
[SourceVersion "1"]
[SourceVersionDate "1998.11.10"]
[SourceQuality "1"]

1. e4 c5 2. Nc3 Nc6 3. g3 g6 4. Bg2 Bg7 5. d3 d6 6. f4 e6 7. Nf3 Nge7 8. O-O O-O 9. Be3 b6 10. Qd2 d5 11. exd5 exd5 12. Bf2 h6 13. Rae1 d4 14. Nd1 Be6 15. a3 Qd7 16. Re2 Bh3 17. Bxh3 Qxh3 18. Rfe1 Nd5 19. Ne5 Nxe5 20. fxe5 Nc7 21. Re4 Ne6 22. Rh4 Qf5 23. g4 Qf3 24. Bg3 Ng5 25. Bf4 Nh3+ 26. Rxh3 Qxh3 27. Nf2 Qf3 28. Bxh6 Rfe8 29. Bxg7 Kxg7 30. Qg5 Rh8 31. Ne4 Rae8 32. Nd6 Re6 33. Nf5+ Kf8 34. Rf1 Qe2 35. Nh6 Qe3+ 36. Qxe3 dxe3 37. g5 e2 38. Re1 Rxe5 39. h4 f5 40. Kf2 Kg7 41. Rxe2 Rxe2+ 42. Kxe2 Re8+ 43. Kf3 Re1 44. h5 Rf1+ 45. Ke3 gxh5 46. Ke2 Rb1 47. b3 Kg6 48. Ng8 Kxg5 49. Ne7 Rc1 50. Kd2 Rg1 51. Nc6 h4 0-1

[Event "North Bay int"]
[Site "North Bay CAN"]
[Date "1998.08.05"]
[Round "2"]
[White "Divljan, Igor"]
[Black "Southam, David"]
[Result "1/2-1/2"]
[WhiteElo "2181"]
[BlackElo "2155"]
[PlyCount "83"]
[GameId "2160767911806557"]
[EventDate "1998.08.05"]
[EventType "swiss"]
[EventRounds "9"]
[EventCountry "CAN"]
[SourceTitle "EXT 99"]
[Source "ChessBase"]
[SourceDate "1998.11.10"]
[SourceVersion "1"]
[SourceVersionDate "1998.11.10"]
[SourceQuality "1"]

1. d4 g6 2. c4 Bg7 3. e4 d6 4. Nc3 Nc6 5. Be3 e5 6. Nge2 exd4 7. Nxd4 Nge7 8. h4 h5 9. Qd2 a6 10. O-O-O O-O 11. Nxc6 Nxc6 12. Bh6 Be6 13. Bxg7 Kxg7 14. f3 Qf6 15. Nd5 Bxd5 16. cxd5 Ne5 17. Be2 Rh8 18. Rdf1 a5 19. g4 hxg4 20. fxg4 Qe7 21. g5 a4 22. a3 Rh7 23. h5 gxh5 24. Rf6 Rah8 25. Rg1 h4 26. Rh6 Ng6 27. Qc3+ Qe5 28. Qxc7 Qf4+ 29. Kd1 Rxh6 30. Qc3+ Qe5 31. gxh6+ Kxh6 32. Qxe5 dxe5 33. Bg4 Kg5 34. Be6+ Kf6 35. Bh3 Nf4 36. Bf5 h3 37. Rh1 Kg5 38. Ke1 Kh4 39. Kf2 Rg8 40. d6 Rg2+ 41. Ke1 Rg8 42. Kf2 1/2-1/2

[Event "North Bay int"]
[Site "North Bay CAN"]
[Date "1998.08.05"]
[Round "2"]
[White "Fedorowicz, John"]
[Black "Gardner, Robert"]
[Result "1/2-1/2"]
[WhiteElo "2540"]
[BlackElo "2185"]
[PlyCount "83"]
[GameId "2160767911806558"]
[EventDate "1998.08.05"]
[EventType "swiss"]
[EventRounds "9"]
[EventCountry "CAN"]
[SourceTitle "EXT 1999"]
[Source "ChessBase"]
[SourceDate "1998.11.10"]
[SourceVersion "1"]
[SourceVersionDate "1998.11.10"]
[SourceQuality "1"]

1. d4 Nf6 2. Nf3 c5 3. d5 e6 4. c4 b5 5. Bg5 bxc4 6. e4 Qa5+ 7. Bd2 Qb6 8. Nc3 exd5 9. exd5 Be7 10. Ne5 d6 11. Nxc4 Qd8 12. Be2 O-O 13. O-O Nbd7 14. Bf4 Nb6 15. Ne3 a5 16. Re1 Re8 17. Bf3 Bf8 18. Bg5 Nbd7 19. Qc2 Ne5 20. Be2 h6 21. Bh4 Ng6 22. Bg3 Ba6 23. Bxa6 Rxa6 24. h3 Rb6 25. Nc4 Rb4 26. Rxe8 Nxe8 27. b3 Be7 28. Re1 Nf6 29. Qf5 Bf8 30. Qf3 Rb7 31. Re3 Re7 32. a4 Rxe3 33. fxe3 Nd7 34. Qf5 Nb6 35. e4 Ne7 36. Qf3 Nxc4 37. bxc4 Nc8 38. e5 dxe5 39. Bxe5 Bd6 40. Bxd6 Nxd6 41. Qf4 Qf6 42. Qxf6 1/2-1/2

[Event "North Bay int"]
[Site "North Bay CAN"]
[Date "1998.08.05"]
[Round "2"]
[White "Gulati, Ashish"]
[Black "Ciaffone, Robert"]
[Result "0-1"]
[WhiteElo "2030"]
[BlackElo "2205"]
[PlyCount "52"]
[GameId "2160767911806561"]
[EventDate "1998.08.05"]
[EventType "swiss"]
[EventRounds "9"]
[EventCountry "CAN"]
[SourceTitle "EXT 1999"]
[Source "ChessBase"]
[SourceDate "1998.11.10"]
[SourceVersion "1"]
[SourceVersionDate "1998.11.10"]
[SourceQuality "1"]

1. e4 c5 2. Nc3 Nc6 3. g3 g6 4. Bg2 Bg7 5. d3 d6 6. Be3 Rb8 7. Qd2 b5 8. f4 b4 9. Nd1 e6 10. Nf3 Nd4 11. Nh4 Ne7 12. O-O f5 13. c3 bxc3 14. bxc3 Ndc6 15. e5 dxe5 16. Bxc5 Ba6 17. Nf2 Qa5 18. Bd6 Rd8 19. fxe5 Nxe5 20. Bxe5 Bxe5 21. Rfc1 Rd6 22. Nf3 Bg7 23. Qc2 O-O 24. d4 Rc8 25. Qb2 Bh6 26. Rc2 Rb6 0-1

[Event "North Bay int"]
[Site "North Bay CAN"]
[Date "1998.08.05"]
[Round "2"]
[White "Huber, Gregory"]
[Black "Wenaas, Eric"]
[Result "1/2-1/2"]
[WhiteElo "2265"]
[BlackElo "2080"]
[PlyCount "98"]
[GameId "2160767911806564"]
[EventDate "1998.08.05"]
[EventType "swiss"]
[EventRounds "9"]
[EventCountry "CAN"]
[SourceTitle "EXT 1999"]
[Source "ChessBase"]
[SourceDate "1998.11.10"]
[SourceVersion "1"]
[SourceVersionDate "1998.11.10"]
[SourceQuality "1"]

1. e4 e5 2. Bc4 Nf6 3. d3 Nc6 4. Nc3 Bb4 5. Nge2 d5 6. exd5 Nxd5 7. O-O Be6 8. Ne4 Be7 9. N2g3 Qd7 10. Ng5 Bxg5 11. Bxg5 f6 12. Bd2 O-O-O 13. Ne4 Qe7 14. Rb1 Kb8 15. b4 Nf4 16. Bxe6 Qxe6 17. Bxf4 exf4 18. Nc5 Qf5 19. Qf3 g5 20. Rfe1 g4 21. Qe4 Qxe4 22. Rxe4 f5 23. Rxf4 Nd4 24. Kf1 b6 25. c3 Nb5 26. c4 Nd4 27. Nb3 Nc2 28. b5 Rxd3 29. Rxf5 Re8 30. Rg5 Na3 31. Re1 Rxe1+ 32. Kxe1 Nxc4 33. Rxg4 Nd6 34. Nd4 Ra3 35. f4 Kb7 36. f5 Rxa2 37. f6 Ra4 38. Rf4 Nf7 39. Kd2 a6 40. bxa6+ Kxa6 41. Ne6 Rxf4 42. Nxf4 Kb5 43. h4 Kc5 44. Ne6+ Kd6 45. Ng5 Nxg5 46. hxg5 Ke6 47. Kc3 c5 48. Kc4 Kf7 49. Kd5 Kf8 1/2-1/2

[Event "North Bay int"]
[Site "North Bay CAN"]
[Date "1998.08.05"]
[Round "2"]
[White "Jackson, Richard"]
[Black "Oratovsky, Michael"]
[Result "0-1"]
[WhiteElo "2220"]
[BlackElo "2465"]
[PlyCount "64"]
[GameId "2160767911806565"]
[EventDate "1998.08.05"]
[EventType "swiss"]
[EventRounds "9"]
[EventCountry "CAN"]
[SourceTitle "EXT 99"]
[Source "ChessBase"]
[SourceDate "1998.11.10"]
[SourceVersion "1"]
[SourceVersionDate "1998.11.10"]
[SourceQuality "1"]

1. e4 c5 2. Nf3 e6 3. d4 cxd4 4. Nxd4 a6 5. Bd3 g6 6. c4 Bg7 7. Nb3 Nc6 8. O-O Nge7 9. Nc3 O-O 10. Bg5 h6 11. Bh4 g5 12. Bg3 Ne5 13. Re1 N7g6 14. Bf1 b6 15. a4 Rb8 16. Qd2 h5 17. f3 h4 18. Bf2 h3 19. Nd4 hxg2 20. Kxg2 Qf6 21. Rad1 Bb7 22. Qe3 Rbc8 23. b3 g4 24. Kh1 gxf3 25. Bg3 Ng4 26. Qd3 f2 27. Re2 Nf4 28. Bxf4 Qxf4 29. Qg3 Qxg3 30. hxg3 Rc5 31. Kg2 Rh5 32. a5 f5 0-1

[Event "North Bay int"]
[Site "North Bay CAN"]
[Date "1998.08.05"]
[Round "2"]
[White "Larochelle, Martial"]
[Black "Charest, Johanne"]
[Result "1-0"]
[WhiteElo "2282"]
[BlackElo "2077"]
[PlyCount "49"]
[GameId "2160767911806569"]
[EventDate "1998.08.05"]
[EventType "swiss"]
[EventRounds "9"]
[EventCountry "CAN"]

1. e4 e5 2. Nf3 Nc6 3. Bc4 Bc5 4. b4 Bxb4 5. c3 Ba5 6. Qb3 Qf6 7. d4 Nxd4 8. Nxd4 exd4 9. O-O Bb6 10. e5 Qg6 11. Ba3 Nh6 12. cxd4 Bxd4 13. Nc3 Qb6 14. Nb5 Bxa1 15. Rxa1 d6 16. Nxc7+ Qxc7 17. exd6 Qb6 18. Bxf7+ Kd8 19. Qd5 Nxf7 20. Qxf7 Re8 21. Qxg7 Qa5 22. Bb4 Qb6 23. Qf6+ Kd7 24. Rc1 Qc6 25. Qf7+ 1-0

[Event "North Bay int"]
[Site "North Bay CAN"]
[Date "1998.08.05"]
[Round "2"]
[White "Olszewski, Piotr"]
[Black "Kosic, Dragan"]
[Result "0-1"]
[WhiteElo "2315"]
[BlackElo "2505"]
[PlyCount "119"]
[GameId "2160767911806572"]
[EventDate "1998.08.05"]
[EventType "swiss"]
[EventRounds "9"]
[EventCountry "CAN"]
[SourceTitle "EXT 99"]
[Source "ChessBase"]
[SourceDate "1998.11.10"]
[SourceVersion "1"]
[SourceVersionDate "1998.11.10"]
[SourceQuality "1"]

1. d4 d5 2. Nf3 Nf6 3. g3 Bf5 4. Bg2 e6 5. O-O Nbd7 6. c4 c6 7. b3 a5 8. Nc3 Ne4 9. Bb2 Be7 10. Nd2 Nxc3 11. Bxc3 Nf6 12. Re1 O-O 13. e4 dxe4 14. Nxe4 Bxe4 15. Bxe4 Bb4 16. Qc2 Bxc3 17. Qxc3 Qb6 18. Bf3 Rfd8 19. Red1 Rd7 20. Rd3 Qb4 21. Qc2 a4 22. Rb1 a3 23. Rbd1 Rad8 24. Kf1 g6 25. Ke2 Ne8 26. Qd2 Qe7 27. Qa5 Nc7 28. Qc5 Na6 29. Qxe7 Rxe7 30. R3d2 Nb4 31. Be4 Red7 32. Bb1 b6 33. Ke3 c5 34. Ke4 Kf8 35. g4 Ke7 36. h4 Nc6 37. d5 Nb4 38. g5 exd5+ 39. cxd5 Kd6 40. Kf3 Re7 41. Bd3 Re5 42. Bb5 f6 43. Kg4 fxg5 44. hxg5 Rf8 45. Rh1 Rf7 46. Bc4 Rfe7 47. f4 Re4 48. Kf3 Rd4 49. Rxd4 cxd4 50. f5 gxf5 51. Rh6+ Kc5 52. Rf6 d3 53. d6 Rd7 54. Rxf5+ Kxd6 55. Ke3 Re7+ 56. Kd2 Re2+ 57. Kc3 Nxa2+ 58. Kxd3 Nc1+ 59. Kd4 a2 60. Rf6+ 0-1

[Event "North Bay int"]
[Site "North Bay CAN"]
[Date "1998.08.05"]
[Round "2"]
[White "Peredun, Andrew"]
[Black "Djerkovic, Miladin"]
[Result "1-0"]
[WhiteElo "2234"]
[BlackElo "2265"]
[PlyCount "83"]
[GameId "2160767911806573"]
[EventDate "1998.08.05"]
[EventType "swiss"]
[EventRounds "9"]
[EventCountry "CAN"]
[SourceTitle "EXT 99"]
[Source "ChessBase"]
[SourceDate "1998.11.10"]
[SourceVersion "1"]
[SourceVersionDate "1998.11.10"]
[SourceQuality "1"]

1. e4 c5 2. Nf3 d6 3. d4 cxd4 4. Nxd4 Nf6 5. Nc3 g6 6. Be3 Bg7 7. f3 O-O 8. Qd2 Nc6 9. O-O-O Nxd4 10. Bxd4 Be6 11. Kb1 Qc7 12. h4 Rfc8 13. h5 Qa5 14. hxg6 hxg6 15. g4 Rxc3 16. Qxc3 Qxa2+ 17. Kc1 Bxg4 18. Bc4 Qa4 19. Kb1 Bh5 20. Rdg1 Qc6 21. Bxf6 Bxf6 22. Qb3 Kf8 23. Bxf7 Qb6 24. Qxb6 axb6 25. Bd5 Bg7 26. c3 Ra5 27. Kc2 e6 28. Bxe6 Bxf3 29. Rf1 Ke7 30. Rxf3 Kxe6 31. Rh7 Bf6 32. Rxb7 Re5 33. Rxb6 Rxe4 34. Rxd6+ Kxd6 35. Rxf6+ Kc5 36. Rxg6 Re2+ 37. Kb3 Rh2 38. Rg5+ Kb6 39. Ka3 Rc2 40. Kb3 Rh2 41. c4 Rh3+ 42. Kb4 1-0

[Event "North Bay int"]
[Site "North Bay CAN"]
[Date "1998.08.05"]
[Round "2"]
[White "Serper, Grigory"]
[Black "Levtchouk, George"]
[Result "1-0"]
[WhiteElo "2535"]
[BlackElo "2330"]
[PlyCount "59"]
[GameId "2160767911806574"]
[EventDate "1998.08.05"]
[EventType "swiss"]
[EventRounds "9"]
[EventCountry "CAN"]
[SourceTitle "EXT 99"]
[Source "ChessBase"]
[SourceDate "1998.11.10"]
[SourceVersion "1"]
[SourceVersionDate "1998.11.10"]
[SourceQuality "1"]

1. d4 g6 2. e4 Bg7 3. c4 d6 4. Nc3 Nf6 5. Nge2 c6 6. Ng3 a6 7. Be2 b5 8. O-O O-O 9. e5 dxe5 10. dxe5 Nfd7 11. f4 Nb6 12. c5 Nd5 13. Nce4 a5 14. a3 Na6 15. Bd3 Nac7 16. Ng5 e6 17. Qe2 b4 18. N3e4 Ba6 19. Nd6 Bxd3 20. Qxd3 f6 21. Nf3 Qe7 22. Bd2 Rfb8 23. exf6 Bxf6 24. Ne5 Bxe5 25. fxe5 Rf8 26. Bh6 Rxf1+ 27. Rxf1 Qh4 28. Qd2 bxa3 29. Rf7 Kh8 30. Rg7 1-0

[Event "North Bay int"]
[Site "North Bay CAN"]
[Date "1998.08.05"]
[Round "2"]
[White "St Amand, Paul Jr"]
[Black "Ellis, James"]
[Result "1-0"]
[WhiteElo "2220"]
[BlackElo "2271"]
[PlyCount "91"]
[GameId "2160767911806576"]
[EventDate "1998.08.05"]
[EventType "swiss"]
[EventRounds "9"]
[EventCountry "CAN"]
[SourceTitle "EXT 99"]
[Source "ChessBase"]
[SourceDate "1998.11.10"]
[SourceVersion "1"]
[SourceVersionDate "1998.11.10"]
[SourceQuality "1"]

1. e4 c5 2. c3 Nf6 3. e5 Nd5 4. d4 cxd4 5. cxd4 d6 6. Nf3 Nc6 7. Bc4 Nb6 8. Bb5 dxe5 9. Nxe5 Bd7 10. Bxc6 Bxc6 11. Nxc6 bxc6 12. O-O g6 13. Qc2 Rc8 14. Rd1 Bg7 15. Bf4 O-O 16. Be5 c5 17. dxc5 Rxc5 18. Nc3 Qc8 19. Bxg7 Kxg7 20. Qe2 e5 21. Rd3 Rd8 22. Rad1 Rxd3 23. Rxd3 Qc6 24. h3 Nd5 25. Nxd5 Rxd5 26. Rxd5 Qxd5 27. b3 Qd4 28. a4 a5 29. g3 f5 30. Qb5 Qd1+ 31. Kg2 Qe1 32. Qd7+ Kh6 33. h4 Qe4+ 34. Kf1 Qh1+ 35. Ke2 Qe4+ 36. Kd2 Qf3 37. Qa7 Qd5+ 38. Ke2 f4 39. gxf4 exf4 40. Qb6 f3+ 41. Ke3 Qd1 42. Qb5 Kg7 43. Qd3 Qh1 44. Qc3+ Kh6 45. Qxa5 Qxh4 46. Qe5 1-0

[Event "North Bay int"]
[Site "North Bay CAN"]
[Date "1998.08.05"]
[Round "2"]
[White "Tyomkin, Dimitri"]
[Black "Curdo, John"]
[Result "1-0"]
[WhiteElo "2465"]
[BlackElo "2295"]
[PlyCount "65"]
[GameId "2160767911806577"]
[EventDate "1998.08.05"]
[EventType "swiss"]
[EventRounds "9"]
[EventCountry "CAN"]
[SourceTitle "EXT 99"]
[Source "ChessBase"]
[SourceDate "1998.11.10"]
[SourceVersion "1"]
[SourceVersionDate "1998.11.10"]
[SourceQuality "1"]

1. d4 f5 2. g3 Nf6 3. Bg2 d6 4. d5 c6 5. c4 e5 6. Nc3 Be7 7. Nf3 O-O 8. O-O c5 9. a3 Na6 10. Rb1 Qe8 11. b4 e4 12. Ng5 cxb4 13. axb4 h6 14. Nh3 Bd7 15. Qb3 g5 16. f3 Qh5 17. Nf2 exf3 18. exf3 Rab8 19. Be3 b6 20. Ra1 Bc8 21. Bd4 Nd7 22. Nb5 Bb7 23. Nxa7 Nc7 24. Nc6 Bf6 25. Bxf6 Nxf6 26. Ra7 Bxc6 27. dxc6 Ne6 28. Qd3 Rf7 29. Rxf7 Qxf7 30. Bh3 g4 31. fxg4 f4 32. Bg2 fxg3 33. Ne4 1-0

[Event "North Bay int"]
[Site "North Bay CAN"]
[Date "1998.08.05"]
[Round "2"]
[White "Wen, Jean-Francois"]
[Black "Puri, Vinny"]
[Result "0-1"]
[WhiteElo "2217"]
[BlackElo "2260"]
[PlyCount "46"]
[GameId "2160767911806578"]
[EventDate "1998.08.05"]
[EventType "swiss"]
[EventRounds "9"]
[EventCountry "CAN"]
[SourceTitle "EXT 99"]
[Source "ChessBase"]
[SourceDate "1998.11.10"]
[SourceVersion "1"]
[SourceVersionDate "1998.11.10"]
[SourceQuality "1"]

1. Nf3 Nf6 2. g3 g6 3. Bg2 Bg7 4. O-O O-O 5. c4 d6 6. Nc3 Nc6 7. Rb1 a6 8. d3 e5 9. b4 Bg4 10. a4 Qd7 11. b5 axb5 12. axb5 Nd4 13. e3 Nxf3+ 14. Bxf3 h5 15. Be2 Nh7 16. Qb3 Bxe2 17. Nxe2 Qh3 18. Bd2 Ng5 19. f3 h4 20. e4 Bf6 21. Be1 Kg7 22. f4 exf4 23. Nxf4 Bd4+ 0-1